000 00699nam a2200241Ia 4500
005 20220317001246.0
008 160825s1984 sp a g 000 0 spa
020 _a8430514104
245 1 3 _aEl cervatillo
250 _a1a. edición
300 _a[8] páginas
_bilustraciones
_c12 cm
490 _aMinicartone
650 1 4 _2LEMB
_aÁlbumes infantil
650 1 4 _2LEMB
_aLiteratura infantil
650 1 4 _2LEMB
_aCervatillo en la literatura
942 _2loc
_cBKINF
264 _aMadrid
_bSusaeta
_c1984
336 _atexto
_btxt
_2rdacontent
337 _asin mediación
_bn
_2rdamedia
338 _avolumen
_bnc
_2rdacarrier
040 _aCO-BoRNBP
_bspa
_erda
_cCO-BoRNBP
084 _aA CER6
999 _c6411
_d6411